[Event "Bad Soden U14 op"]
[Site "Bad Soden"]
[Date "2019.10.06"]
[Round "9"]
[White "Riemann, Adrian"]
[Black "Haller, Christian"]
[Result "1/2-1/2"]
[WhiteElo "1105"]
[BlackElo "1325"]
[PlyCount "59"]
[EventDate "2019.10.03"]
[EventType "swiss"]
[EventRounds "9"]
[EventCountry "GER"]
[SourceTitle "CBM 192 Extra"]
[Source "Chessbase"]
[SourceDate "2019.11.06"]
[SourceVersion "1"]
[SourceVersionDate "2019.11.06"]
[SourceQuality "1"]

1. d4 Nf6 2. c3 d5 3. e3 Bf5 4. f4 Nbd7 5. Bd3 Bxd3 6. Qxd3 e6 7. Nf3 c5 8. Nbd2 Ng4 9. Ne5 c4 10. Qe2 Ngxe5 11. fxe5 Be7 12. 0-0 0-0 13. Nf3 f6 14. e4 fxe5 15. exd5 exd5 16. Nxe5 Rxf1+ 17. Kxf1 Bd6 18. Nxd7 Qxd7 19. Kg1 Rf8 20. Bd2 Rf6 21. b4 Rg6 22. a4 h6 23. Qh5 Qf7 24. Qh3 Re6 25. Re1 Rxe1+ 26. Bxe1 b6 27. a5 bxa5 28. bxa5 Qf4 29. Qe6+ Kh7 30. g3 1/2-1/2

[Event "Bad Soden sim2"]
[Site "Bad Soden"]
[Date "2019.10.03"]
[Round "1.15"]
[White "Keymer, Vincent"]
[Black "Haller, Christian"]
[Result "1-0"]
[WhiteElo "2506"]
[BlackElo "1325"]
[PlyCount "65"]
[EventDate "2019.10.03"]
[EventType "simul"]
[EventRounds "1"]
[EventCountry "GER"]
[SourceTitle "EXT 2021"]
[Source "ChessBase"]
[SourceDate "2020.10.23"]
[SourceVersion "1"]
[SourceVersionDate "2020.10.23"]
[SourceQuality "1"]

1. Nf3 Nc6 2. d4 e6 3. c4 d5 4. Nc3 Nf6 5. cxd5 exd5 6. Bg5 Be7 7. e3 a6 8. Bd3 0-0 9. 0-0 Bg4 10. h3 Bh5 11. Be2 h6 12. Bxf6 Bxf6 13. Qb3 Ne7 14. Rfc1 b5 15. Qd1 Rc8 16. b4 Bg6 17. Ne5 Qd6 18. Nxg6 Nxg6 19. a3 Bh4 20. Bf3 c6 21. Ne2 Rfe8 22. g3 Bxg3 23. Nxg3 Rxe3 24. Nf5 Qf6 25. Nxe3 Qg5+ 26. Bg2 Nf4 27. Qg4 Qxg4 28. hxg4 Ne2+ 29. Kf1 Nxc1 30. Rxc1 Re8 31. Rxc6 Ra8 32. Bxd5 a5 33. Rb6 1-0

[Event "Bad Soden U14 op 5th"]
[Site "Bad Soden"]
[Date "2018.09.30"]
[Round "2.6"]
[White "Zhu, Andy"]
[Black "Haller, Christian"]
[Result "1/2-1/2"]
[WhiteElo "1444"]
[BlackElo "1160"]
[PlyCount "72"]
[EventDate "2018.09.30"]
[EventType "swiss"]
[EventRounds "7"]
[EventCountry "GER"]
[SourceTitle "EXT 2020"]
[Source "ChessBase"]
[SourceDate "2019.10.17"]
[SourceVersion "1"]
[SourceVersionDate "2019.10.17"]
[SourceQuality "1"]

1. e4 e5 2. Nf3 Nc6 3. d4 exd4 4. Nxd4 Nxd4 5. Qxd4 Nf6 6. Nc3 b6 7. Bg5 Bc5 8. Qe5+ Qe7 9. Qxe7+ Bxe7 10. Bxf6 Bxf6 11. Nd5 Bxb2 12. Rd1 Be5 13. f4 Bd6 14. e5 c6 15. exd6 cxd5 16. Rxd5 0-0 17. Rh5 Re8+ 18. Kf2 Re6 19. Bc4 Rxd6 20. Re1 g6 21. Rg5 Rd2+ 22. Kg1 Rxc2 23. Bd5 Rb8 24. f5 Bb7 25. Bb3 Rc5 26. Re7 d5 27. fxg6 hxg6 28. h4 Kf8 29. Rge5 a5 30. Rd7 Bc6 31. Rc7 Bb7 32. Rd7 Ba8 33. Ree7 Rc1+ 34. Kh2 Rf1 35. h5 gxh5 36. Re5 h4 1/2-1/2

[Event "Bad Soden U14 op"]
[Site "Bad Soden"]
[Date "2017.10.03"]
[Round "8"]
[White "Albrecht, Edwin"]
[Black "Haller, Christian"]
[Result "1-0"]
[WhiteElo "952"]
[BlackElo "1047"]
[PlyCount "121"]
[EventDate "2017.09.30"]
[EventType "swiss"]
[EventRounds "9"]
[EventCountry "GER"]
[SourceTitle "EXT 2019"]
[Source "ChessBase"]
[SourceDate "2018.10.10"]
[SourceVersion "1"]
[SourceVersionDate "2018.10.10"]
[SourceQuality "1"]

1. e4 e5 2. Nf3 Nc6 3. Bc4 Bc5 4. c3 Nf6 5. d4 exd4 6. cxd4 Bb4+ 7. Bd2 Bxd2+ 8. Nbxd2 d5 9. exd5 Nxd5 10. 0-0 0-0 11. Re1 Bg4 12. Qe2 Nxd4 13. Qe4 Nxf3+ 14. Nxf3 Be6 15. Rad1 c6 16. h3 Re8 17. b4 b5 18. Bb3 h6 19. a4 Rb8 20. axb5 Rxb5 21. Ba4 Rxb4 22. Qxb4 Nxb4 23. Rxd8 Rxd8 24. Rb1 c5 25. Bb3 Bxb3 26. Rxb3 a5 27. Ra3 Ra8 28. Nd2 Kf8 29. Nc4 Nc6 30. Kf1 Ke7 31. Ke1 Ke6 32. Kd2 Kd7 33. Nb6+ Kc7 34. Nxa8+ Kb7 35. Kc3 Kxa8 36. Kc4 Kb7 37. Kxc5 Kc7 38. Kb5 Kb7 39. Rc3 Nd4+ 40. Kxa5 Nc6+ 41. Kb5 Nd4+ 42. Kc5 Ne6+ 43. Kd6 Nf4 44. Rf3 Nxg2 45. Rxf7+ Kb6 46. Rxg7 Nf4 47. h4 h5 48. Ke5 Nd3+ 49. Kf5 Nxf2 50. Kg5 Ne4+ 51. Kxh5 Nf6+ 52. Kg5 Ne4+ 53. Kf4 Nc5 54. Rg6+ Kc7 55. h5 Nd3+ 56. Ke3 Ne5 57. Ke4 Nc4 58. h6 Nd2+ 59. Kd3 Nf3 60. Ke3 Ne5 61. Rg7+ 1-0

[Event "Bad Soden U14 op"]
[Site "Bad Soden"]
[Date "2017.10.03"]
[Round "9"]
[White "Haller, Christian"]
[Black "Murmann, Jonas"]
[Result "0-1"]
[WhiteElo "1047"]
[BlackElo "916"]
[PlyCount "100"]
[EventDate "2017.09.30"]
[EventType "swiss"]
[EventRounds "9"]
[EventCountry "GER"]
[SourceTitle "EXT 2019"]
[Source "ChessBase"]
[SourceDate "2018.10.10"]
[SourceVersion "1"]
[SourceVersionDate "2018.10.10"]
[SourceQuality "1"]

1. e4 e6 2. d4 d5 3. e5 c5 4. Nf3 Nc6 5. Bb5 Bd7 6. Be3 Nxe5 7. Nxe5 Bxb5 8. dxc5 Qc7 9. Nc3 Qxe5 10. Nxb5 Bxc5 11. Qe2 Bxe3 12. Qxe3 Qxe3+ 13. fxe3 Rc8 14. Nd6+ Kd7 15. Nxc8 Kxc8 16. Rf1 Nf6 17. h3 Kd7 18. g4 Ke7 19. 0-0-0 h5 20. g5 Ne4 21. h4 Ng3 22. Rf3 Nf5 23. Rh3 Rc8 24. b3 f6 25. gxf6+ gxf6 26. Kb2 b5 27. Ka3 Rxc2 28. Re1 a5 29. b4 Rc3+ 30. Kb2 axb4 31. Re2 d4 32. Rh1 Ng3 33. Rhe1 Nxe2 34. Rxe2 dxe3 35. Re1 f5 36. Rf1 e2 37. Re1 Re3 38. Kc2 f4 39. Kd2 Kf6 40. Kc2 f3 41. a3 bxa3 42. Ra1 e1Q 43. Rxe1 Rxe1 44. Kd2 f2 45. Kc2 f1Q 46. Kb3 Qc4+ 47. Kxa3 Re3+ 48. Kb2 Qb3+ 49. Kc1 Rh3 50. Kd2 Qa2+ 0-1

[Event "Bad Soden U14 op"]
[Site "Bad Soden"]
[Date "2017.09.30"]
[Round "1"]
[White "Haller, Christian"]
[Black "Moldenhauer, Nils"]
[Result "1-0"]
[WhiteElo "1047"]
[BlackElo "738"]
[PlyCount "81"]
[EventDate "2017.09.30"]
[EventType "swiss"]
[EventRounds "9"]
[EventCountry "GER"]
[SourceTitle "EXT 2019"]
[Source "ChessBase"]
[SourceDate "2018.10.10"]
[SourceVersion "1"]
[SourceVersionDate "2018.10.10"]
[SourceQuality "1"]

1. e4 e5 2. Nf3 Nc6 3. Bc4 Bc5 4. c3 Nf6 5. d4 exd4 6. cxd4 Bb4+ 7. Bd2 Bxd2+ 8. Nbxd2 d6 9. h3 Bd7 10. Qc2 0-0 11. 0-0-0 Nb4 12. Qb3 c5 13. d5 b5 14. Be2 Qa5 15. a3 Na6 16. Kb1 Rfe8 17. Qc2 Nc7 18. Rhe1 b4 19. Nc4 Qb5 20. Nxd6 Qa5 21. Nxe8 Rxe8 22. axb4 Qxb4 23. Bd3 Ba4 24. Qc1 Bxd1 25. Qxd1 Rb8 26. Qc2 Nb5 27. Bxb5 Rxb5 28. d6 Nd7 29. e5 a5 30. Ng5 Qxe1+ 31. Ka2 g6 32. Qc4 Kg7 33. Qxb5 Nxe5 34. Qxc5 h6 35. Nf3 Nxf3 36. gxf3 Qe6+ 37. b3 Qxh3 38. Qd4+ Kh7 39. d7 Qxf3 40. d8Q Qe2+ 41. Ka3 1-0

[Event "Bad Soden U14 op"]
[Site "Bad Soden"]
[Date "2017.09.30"]
[Round "2"]
[White "Schwegler, Jelena"]
[Black "Haller, Christian"]
[Result "1-0"]
[WhiteElo "1462"]
[BlackElo "1047"]
[PlyCount "133"]
[EventDate "2017.09.30"]
[EventType "swiss"]
[EventRounds "9"]
[EventCountry "GER"]
[SourceTitle "EXT 2019"]
[Source "ChessBase"]
[SourceDate "2018.10.10"]
[SourceVersion "1"]
[SourceVersionDate "2018.10.10"]
[SourceQuality "1"]

1. e4 e5 2. Nf3 Nc6 3. d4 d6 4. d5 Nce7 5. h3 Nf6 6. Nc3 b6 7. Bg5 Ng6 8. Bb5+ Bd7 9. Bxf6 Qxf6 10. Bxd7+ Kxd7 11. g3 h5 12. h4 Qd8 13. Ng5 Ke8 14. Qf3 Qe7 15. 0-0-0 Rc8 16. Qf5 Rd8 17. Rd3 Rh6 18. Nb5 a6 19. Na7 Qf6 20. Rf3 Qxf5 21. Rxf5 Rd7 22. Nc6 a5 23. Re1 f6 24. Ne6 Ne7 25. Nxe7 Kxe7 26. Re3 g6 27. Rff3 Rh8 28. Rc3 Bh6+ 29. Kd1 c5 30. Rb3 Rb7 31. Rb5 g5 32. Rfb3 Rhb8 33. Ke2 a4 34. Ra3 Ra8 35. b3 gxh4 36. gxh4 Bc1 37. Rxa4 Rxa4 38. bxa4 Ra7 39. Rxb6 Rxa4 40. Kd1 Ba3 41. f3 Bb4 42. Rb7+ Ke8 43. Ng7+ Kf8 44. Nxh5 Rxa2 45. Nxf6 Ra1+ 46. Ke2 Rh1 47. h5 Rh2+ 48. Kd3 Rh3 49. Kc4 Rxf3 50. Nh7+ Ke8 51. Rg7 Rc3+ 52. Kb5 Rxc2 53. Nf6+ Kf8 54. Rd7 Bd2 55. Rxd6 c4 56. Rc6 c3 57. d6 Rb2+ 58. Ka4 c2 59. Rc8+ Kf7 60. d7 Rb4+ 61. Ka3 c1Q+ 62. Rxc1 Bxc1+ 63. Kxb4 Ke7 64. Kc5 Ba3+ 65. Kc6 Bb4 66. Nd5+ Kd8 67. Nxb4 1-0

[Event "Hessen-ch U10"]
[Site "Bad Homburg"]
[Date "2015.03.29"]
[Round "6"]
[White "Haller, Christian"]
[Black "Schoenborn, Carl"]
[Result "0-1"]
[WhiteElo "730"]
[BlackElo "955"]
[PlyCount "64"]
[EventDate "2015.03.27"]
[EventType "swiss"]
[EventRounds "7"]
[EventCountry "GER"]
[SourceTitle "EXT 2017"]
[Source "ChessBase"]
[SourceDate "2016.10.25"]
[SourceVersion "1"]
[SourceVersionDate "2016.10.25"]
[SourceQuality "1"]

1. e4 e5 2. Nf3 Nc6 3. Bc4 Nf6 4. Nc3 Bc5 5. d3 h6 6. Bd2 d6 7. 0-0 Bg4 8. Re1 Nd4 9. Be3 Nxf3+ 10. gxf3 Bxe3 11. Rxe3 Bh3 12. f4 exf4 13. Rxh3 Qc8 14. Rf3 Qg4+ 15. Kh1 0-0 16. d4 c5 17. dxc5 dxc5 18. Rd3 Qh4 19. Qg1 Rfe8 20. Qg2 Re5 21. Rg1 Rg5 22. Qf1 Rh5 23. Qg2 Rg5 24. Qf1 Ng4 25. Rh3 Nxf2+ 26. Qxf2 Qxf2 27. Ne2 Rd8 28. Rd3 Rxd3 29. cxd3 Qxe2 30. Rxg5 hxg5 31. h3 f3 32. d4 Qg2# 0-1

[Event "Hessen-ch U10"]
[Site "Bad Homburg"]
[Date "2015.03.28"]
[Round "2"]
[White "Haller, Christian"]
[Black "Deutsch, Oliver"]
[Result "0-1"]
[WhiteElo "730"]
[BlackElo "842"]
[PlyCount "80"]
[EventDate "2015.03.27"]
[EventType "swiss"]
[EventRounds "7"]
[EventCountry "GER"]
[SourceTitle "EXT 2017"]
[Source "ChessBase"]
[SourceDate "2016.10.25"]
[SourceVersion "1"]
[SourceVersionDate "2016.10.25"]
[SourceQuality "1"]

1. e4 e5 2. Nf3 Nc6 3. Bc4 Nf6 4. c3 Bc5 5. d4 exd4 6. cxd4 Be7 7. 0-0 d5 8. exd5 Nxd5 9. Re1 0-0 10. Bb3 Bf6 11. Bc2 Ndb4 12. d5 Nxc2 13. Qxc2 Qxd5 14. Nc3 Nb4 15. Qa4 Bxc3 16. bxc3 Nd3 17. Rd1 Bd7 18. Qc2 Bf5 19. Ba3 Rfe8 20. c4 Qd7 21. Bb2 Nxb2 22. Qxb2 Qe7 23. Re1 Qc5 24. Nh4 Bd3 25. Rxe8+ Rxe8 26. h3 Re2 27. Qxb7 g5 28. Qc8+ Kg7 29. Qg4 Qxf2+ 30. Kh1 Qxh4 31. Qxh4 gxh4 32. Rg1 Bxc4 33. g3 Bd5+ 34. Rg2 Rxg2 35. gxh4 c5 36. h5 c4 37. h6+ Kxh6 38. h4 c3 39. h5 c2 40. a4 c1R# 0-1

[Event "Eschborn op 11th"]
[Site "Eschborn"]
[Date "2014.09.05"]
[Round "1"]
[White "Gelfenbaum, Daniel"]
[Black "Haller, Christian"]
[Result "1-0"]
[WhiteElo "1571"]
[BlackElo "735"]
[PlyCount "89"]
[EventDate "2014.09.05"]
[EventType "swiss"]
[EventRounds "5"]
[EventCountry "GER"]
[SourceTitle "EXT 2015"]
[Source "ChessBase"]
[SourceDate "2014.11.20"]
[SourceVersion "1"]
[SourceVersionDate "2014.11.20"]
[SourceQuality "1"]

1. e4 e5 2. Nf3 Nc6 3. d4 Bd6 4. Nc3 Nf6 5. Bb5 0-0 6. Bxc6 bxc6 7. dxe5 Bxe5 8. Nxe5 Re8 9. Nf3 Nxe4 10. Nxe4 Rxe4+ 11. Be3 Qe8 12. 0-0 Ba6 13. Re1 d6 14. Qd2 Qd7 15. Rad1 c5 16. Bxc5 Rxe1+ 17. Rxe1 Rd8 18. Bxa7 h6 19. Bd4 c5 20. Bc3 Re8 21. Rxe8+ Qxe8 22. Qe3 Qxe3 23. fxe3 f6 24. e4 Kf7 25. Kf2 Bb7 26. Ke3 d5 27. exd5 Bxd5 28. b3 c4 29. Kd4 Bxf3 30. gxf3 cxb3 31. cxb3 Ke7 32. a4 Kd7 33. a5 Kc7 34. b4 Kb7 35. b5 g5 36. a6+ Ka7 37. Bb4 h5 38. Bc5+ Kb8 39. h3 f5 40. b6 g4 41. fxg4 hxg4 42. hxg4 fxg4 43. Bd6+ Ka8 44. b7+ Ka7 45. b8Q+ 1-0

[Event "Karl Mala Memorial op-B 17th"]
[Site "Frankfurt"]
[Date "2014.08.03"]
[Round "6"]
[White "Haller, Christian"]
[Black "Dietrich, Klaus"]
[Result "1-0"]
[WhiteElo "738"]
[BlackElo "775"]
[PlyCount "41"]
[EventDate "2014.07.31"]
[EventType "swiss"]
[EventRounds "7"]
[EventCountry "GER"]
[SourceTitle "EXT 2015"]
[Source "ChessBase"]
[SourceDate "2014.11.20"]
[SourceVersion "1"]
[SourceVersionDate "2014.11.20"]
[SourceQuality "1"]

1. e4 e5 2. Nf3 d6 3. Bc4 h6 4. d3 Nf6 5. Nc3 Nc6 6. Be3 Bg4 7. h3 Bxf3 8. Qxf3 Be7 9. Qg3 0-0 10. Bxh6 g6 11. Bxf8 Qxf8 12. Qxg6+ Qg7 13. Qxg7+ Kxg7 14. 0-0-0 Rh8 15. Nd5 Nxd5 16. Bxd5 Bg5+ 17. Kb1 Be7 18. Rdf1 Kf8 19. f4 Ke8 20. fxe5 dxe5 21. Rxf7 1-0

[Event "Karl Mala Memorial op-B 17th"]
[Site "Frankfurt"]
[Date "2014.08.03"]
[Round "7"]
[White "Reinecke, Alexander"]
[Black "Haller, Christian"]
[Result "1-0"]
[WhiteElo "969"]
[BlackElo "738"]
[PlyCount "97"]
[EventDate "2014.07.31"]
[EventType "swiss"]
[EventRounds "7"]
[EventCountry "GER"]
[SourceTitle "EXT 2015"]
[Source "ChessBase"]
[SourceDate "2014.11.20"]
[SourceVersion "1"]
[SourceVersionDate "2014.11.20"]
[SourceQuality "1"]

1. e4 e5 2. Nf3 Nc6 3. Nc3 Bc5 4. Nxe5 Nxe5 5. d4 Bxd4 6. Qxd4 f6 7. Bf4 d6 8. Bxe5 fxe5 9. Qd5 Nf6 10. Qd2 Be6 11. 0-0-0 Qe7 12. Nd5 Qf7 13. Nxf6+ Qxf6 14. b3 0-0 15. Qc3 Rac8 16. Bc4 Rf7 17. Bxe6 Qxe6 18. Qd2 Rd8 19. Qa5 a6 20. Qd2 Qg4 21. f3 Qe6 22. Qc3 Qh6+ 23. Qd2 Qxd2+ 24. Rxd2 Rf6 25. Kb2 Rc8 26. Rf2 h6 27. g4 b5 28. Rg1 Rg6 29. f4 exf4 30. Rxf4 Rf8 31. Rxf8+ Kxf8 32. h4 Re6 33. Re1 d5 34. e5 g5 35. hxg5 hxg5 36. Kc3 c6 37. Kd4 Kf7 38. c4 dxc4 39. bxc4 bxc4 40. Kxc4 Ke7 41. Kd4 Kf7 42. Ke4 Kg6 43. a3 Kh6 44. Kf5 Rg6 45. e6 c5 46. e7 c4 47. e8Q Rg7 48. Qh8+ Rh7 49. Re6# 1-0

[Event "Karl Mala Memorial op-B 17th"]
[Site "Frankfurt"]
[Date "2014.08.02"]
[Round "5"]
[White "Porstendoerfer, Eric"]
[Black "Haller, Christian"]
[Result "1-0"]
[WhiteElo "788"]
[BlackElo "738"]
[PlyCount "61"]
[EventDate "2014.07.31"]
[EventType "swiss"]
[EventRounds "7"]
[EventCountry "GER"]
[SourceTitle "EXT 2015"]
[Source "ChessBase"]
[SourceDate "2014.11.20"]
[SourceVersion "1"]
[SourceVersionDate "2014.11.20"]
[SourceQuality "1"]

1. e4 e5 2. Nf3 Nc6 3. Bc4 Bc5 4. 0-0 Nf6 5. Nc3 d6 6. h3 0-0 7. d3 Bd7 8. Bg5 Qc8 9. Nd5 Qd8 10. Nxf6+ gxf6 11. Bh6 Re8 12. Ng5 fxg5 13. Qh5 Qe7 14. Bxg5 Qf8 15. Bf6 h6 16. Qh4 Kh7 17. d4 Bxd4 18. c3 Bb6 19. g4 Qg8 20. g5 Qg6 21. Bxf7 Qxf6 22. gxf6 Rf8 23. Qh5 Rg8+ 24. Bxg8+ Rxg8+ 25. Kh1 Be8 26. Qf5+ Bg6 27. Qd7+ Kh8 28. Rg1 Bxe4+ 29. Kh2 Rxg1 30. Kxg1 Bd5 31. Qg7# 1-0

[Event "Karl Mala Memorial op-B 17th"]
[Site "Frankfurt"]
[Date "2014.08.01"]
[Round "2"]
[White "Kunisch, Nina"]
[Black "Haller, Christian"]
[Result "1-0"]
[WhiteElo "1215"]
[BlackElo "738"]
[PlyCount "23"]
[EventDate "2014.07.31"]
[EventType "swiss"]
[EventRounds "7"]
[EventCountry "GER"]
[SourceTitle "EXT 2015"]
[Source "ChessBase"]
[SourceDate "2014.11.20"]
[SourceVersion "1"]
[SourceVersionDate "2014.11.20"]
[SourceQuality "1"]

1. e4 e5 2. Nf3 Nc6 3. Bb5 Bc5 4. 0-0 Nf6 5. Bxc6 bxc6 6. Nxe5 Nxe4 7. Qe2 Nf6 8. Nxc6+ Kf8 9. Nxd8 d6 10. Re1 Bg4 11. Qe7+ Kg8 12. Qxf7# 1-0